Statistics for COD WW2

Click here to take the quiz!

General Stats

  • This quiz has been taken 70 times
    (67 since last reset)
  • The average score is 11 of 15

Answer Stats

QuestionAnswer% Correct
Who is the best friend of the main characterZussman
100%
Who is the main character of COD WW2Daniels
92%
Who is the tank specalistPerez
89%
Who dies in Hill 493Turner
87%
Who does Daniels save from the basement in Collateral DamageAnna
85%
Who is the other female in the SOERosseau
75%
Who is the college gradStiles
75%
Who is the Sargent of the platoonPierson
74%
Who is the lieutenant of the platoonTurner
74%
Who is the colored engineer that joins in the battle of the bulgeHoward
68%
What male is the leader of the SOECrowley
66%
What gun does Pierson carryTommy gun
66%
Who is the VeteranAiello
57%
What is the name of one of the females in the SOEVivan
55%
If we brought him Hitler's head on a silver platter he'd complain about the ________Shine
38%

Score Distribution

Percentile by Number Answered

Percent of People with Each Score

Your Score History

You have not taken this quiz since the last reset